| Поле | Название | Значение |
| |
Тип записи |
a |
| |
Библиографический уровень |
a |
| 001 |
Контрольный номер |
RU/CBS_UL/BASE/421e11d787004513b8fba94aee6600e7 |
| 005 |
Дата корректировки |
20260426165239.9 |
| 100 |
Данные общей обработки |
__ |
| a |
Данные общей обработки |
20260426 ||| 0rusy0189 ca |
| 101 |
Язык документа |
0_ |
| a |
Язык текста |
rus |
| 102 |
Страна публикации |
__ |
| a |
Страна публикации |
RU |
| 200 |
Заглавие и сведения об ответственности |
1_ |
| a |
Заглавие |
Ненормальная война |
| e |
Сведения, относящиеся к заглавию |
[российская колонизация Аляски] |
| f |
Первые сведения об ответственности |
Г. Морозов |
| 300 |
Общие примечания |
__ |
| a |
Общие примечания |
16+ |
| 461 |
Уровень набора |
_0 |
| 1 |
|
2000 |
| a |
|
Наша история |
| 463 |
Уровень физической единицы |
_0 |
| 1 |
|
2000 |
| a |
|
№ 4 |
| v |
|
С. 20-21 : ил |
| 1 |
|
2101 |
| d |
|
2026 |
| 1 |
|
001RU/CBS_UL/BASE/82dba85a71a24088bb382b50d965f832 |
| 600 |
Персоналии |
_1 |
| a |
Персоналии (Фамилия) |
Баранов |
| b |
Персоналии (Имя, инициалы) |
А. А. |
| 606 |
Тематические рубрики |
0_ |
| a |
Основная рубрика |
Аляска, полуостров - История - Российская империя |
| y |
Географическая подрубрика |
Аляска, полуостров |
| 610 |
Ключевые слова |
0_ |
| a |
Ключевые слова |
российская колонизация Аляски |
| 610 |
Ключевые слова |
0_ |
| a |
Ключевые слова |
Российско-Американская компания |
| 610 |
Ключевые слова |
0_ |
| a |
Ключевые слова |
освоение Русской Америки |
| 610 |
Ключевые слова |
0_ |
| a |
Ключевые слова |
коренные народы Аляски |
| 610 |
Ключевые слова |
0_ |
| a |
Ключевые слова |
тлинкиты |
| 610 |
Ключевые слова |
0_ |
| a |
Ключевые слова |
русско-тлинкитская война |
| 610 |
Ключевые слова |
0_ |
| a |
Ключевые слова |
война русско-тлинкитская |
| 686 |
Индексы других классификаций |
__ |
| 2 |
Код системы |
rubbk |
| a |
Классификационный индекс |
63.3(2)513 |
| 700 |
Автор |
_1 |
| a |
Фамилия |
Морозов |
| b |
Имя (инициалы) |
Г. |
| 801 |
Источник записи |
_0 |
| a |
Страна |
RU |
| b |
Организация |
МБУК ЦБС г. Ульяновска |
| c |
Дата составления |
20260426 |
| g |
Правила каталогизации |
RCR |
| 801 |
Источник записи |
_1 |
| a |
Страна |
RU |
| b |
Организация |
МБУК ЦБС г. Ульяновска |
| c |
Дата составления |
20260426 |
| g |
Правила каталогизации |
RCR |
| 901 |
Тип документа |
__ |
| t |
Тип документа |
b |
| w |
Контрольный № источника |
RU/CBS_UL/BASE/82dba85a71a24088bb382b50d965f832 |
| 909 |
Создатель записи |
__ |
| a |
Создатель записи |
lib2 |